|
|
|
|
| LEADER |
00000cam a2200000 i 4500 |
| 001 |
1/75387 |
| 008 |
970108s1983 enk| ||| |||| ||eng|| |
| 020 |
|
|
|a 0861047125
|
| 035 |
|
|
|l 10003749
|
| 040 |
|
|
|a GR-MyUa
|b gre
|e AACR2
|
| 041 |
1 |
|
|a eng
|h fre
|
| 082 |
7 |
|
|a 304.2
|2 (22)
|
| 100 |
1 |
|
|a Gorz, Andre.
|
| 245 |
1 |
0 |
|a Ecology as politics /
|c Andre Gorz ; translated by Patsy Vigderman and Jonathan Cloud.
|
| 260 |
|
|
|a London :
|b Pluto,
|c 1983.
|
| 300 |
|
|
|a 215 σ. ;
|c 22 εκ.
|
| 500 |
|
|
|a Τίτλος πρωτοτύπου: Ecologie et politique.
|
| 650 |
|
0 |
|a Ecology
|x Political aspects.
|
| 700 |
1 |
|
|a Vigderman, Patsy,
|e trlf
|
| 700 |
1 |
|
|a Cloud, Jonathan,
|e trl
|
| 852 |
|
|
|a INST
|b LESVOS
|e 19970108
|h 304.2 GOR
|p 005100008734
|q 005100008734
|t BK
|y 0
|